ARRUPE JESUIT UNIVERSITY

CORONAVIRUS -STOP THE SPREAD - CLEAN,DISINFECT,COVER

Spreading the word : (Record no. 118975)

MARC details
000 -LEADER
fixed length control field 00989cam a2200313 a 4500
001 - CONTROL NUMBER
control field 320370
003 - CONTROL NUMBER IDENTIFIER
control field ARRUPE
005 - DATE AND TIME OF LATEST TRANSACTION
control field 20131203164325.0
008 - FIXED-LENGTH DATA ELEMENTS--GENERAL INFORMATION
fixed length control field 850307s1984 enk b 001 0 eng
010 ## - LIBRARY OF CONGRESS CONTROL NUMBER
LC control number 83017253
020 ## - INTERNATIONAL STANDARD BOOK NUMBER
International Standard Book Number 0198246501 :
Terms of availability $31.95
020 ## - INTERNATIONAL STANDARD BOOK NUMBER
International Standard Book Number 019824651X (pbk.) :
Terms of availability $14.00
035 ## - SYSTEM CONTROL NUMBER
System control number (OCoLC)9828613
035 ## - SYSTEM CONTROL NUMBER
System control number (OCoLC)ocm09828613
035 ## - SYSTEM CONTROL NUMBER
System control number (CStRLIN)NYCG85-B23957
035 ## - SYSTEM CONTROL NUMBER
System control number (NNC)320370
040 ## - CATALOGING SOURCE
Modifying agency CStRLIN
Transcribing agency DLC
050 0# - LIBRARY OF CONGRESS CALL NUMBER
Classification number P106
Item number .B47 1984
090 ## - LOCALLY ASSIGNED LC-TYPE CALL NUMBER (OCLC); LOCAL CALL NUMBER (OCLC)
Classification number (OCLC) (R) ; Classification number, CALL (RLIN) (NR) P106
Local cutter number (OCLC) ; Book number/undivided call number, CALL (RLIN) .B47 1984
300 ## - PHYSICAL DESCRIPTION
Dimensions 22 cm.
100 1# - MAIN ENTRY--PERSONAL NAME
Personal name Blackburn, Simon,
Dates associated with a name 1944-
9 (RLIN) 4796
245 10 - TITLE STATEMENT
Title Spreading the word :
Remainder of title groundings in the philosophy of language /
Statement of responsibility, etc by Simon Blackburn.
260 ## - PUBLICATION, DISTRIBUTION, ETC. (IMPRINT)
Place of publication, distribution, etc Oxford [Oxfordshire] :
Name of publisher, distributor, etc Clarendon Press ;
Place of publication, distribution, etc New York :
Name of publisher, distributor, etc Oxford University Press,
Date of publication, distribution, etc c1984.
300 ## - PHYSICAL DESCRIPTION
Extent xi, 368 p. ;
500 ## - GENERAL NOTE
General note Includes index.
504 ## - BIBLIOGRAPHY, ETC. NOTE
Bibliography, etc Bibliography: p. [355]-363.
650 #0 - SUBJECT ADDED ENTRY--TOPICAL TERM
Topical term or geographic name as entry element Language and languages
General subdivision Philosophy.
9 (RLIN) 4797
942 ## - ADDED ENTRY ELEMENTS (KOHA)
Source of classification or shelving scheme Library of Congress Classification
Koha item type Monograph ( Printed materials)
Holdings
Withdrawn status Lost status Source of classification or shelving scheme Damaged status Not for loan Collection code Home library Current library Shelving location Date acquired Total Checkouts Full call number Barcode Date last seen Price effective from Koha item type
    Library of Congress Classification     Main Collection ARRUPE LIBRARY ARRUPE LIBRARY Main Collection 03/12/2013   P106 .B47 1984 46004004721 26/02/2019 03/12/2013 Monograph ( Printed materials)

 

Arrupe Library. PO Box MP320 Mt Pleasant, Harare, Zimbabwe
263 242 745411|librarian@aju.ac.zw